000 00844nam a2200277Ia 4500
003 OSt
005 20220926023910.0
006 a|||||r|||| 00| 0
007 ta
008 220923b |||||||| |||| 00| 0 eng d
020 _a0470103302
037 _cGeneral Book
040 _aRTL
_cRTL
_beng
041 _2eng
_aeng
082 _aY73.69B.N7, L6
100 _aBrewer Marilynn B
_913505
245 0 _aEthnocentrism and Intergroup Attitudes
_b East African Evidence
260 _aNY
_bJohn Wiley
_c1976
300 _a218p
_ccm.
490 _aCross-cultural Research and Methodology Series. 2
500 _aAppendix: p 161-214
650 _aEthnology
_935130
700 _a Campbell Donald T
_920722
942 _hY73.69B.N7, L6
_cGB
_2CC
999 _c642594
_d642594